000 00531nam a22001697a 4500
005 20251108165537.0
008 250721s1989 xx 000 0 ara d
082 1 4 _aم/413.125/معج
245 1 0 _aمعجم الأسماء العربية و العالمية /
264 1 _aبيروت :
_bالشركة الشرقية للمطبوعات،
_c1989.
300 _a96ص
490 0 _aسلسلة أسرتي
650 1 7 _aالأسماء العربية
650 1 7 _aمعاجم المفردات
942 _2ddc
_cREF
999 _c30389
_d30389